| 000 | 00337nam a22001337a 4500 | ||
|---|---|---|---|
| 020 | _qPB. | ||
| 040 | _cFIZZA ISHAQ | ||
| 082 |
_a332.6323 _bPAT |
||
| 100 |
_aBROWN,J.PATRICK. _991675 |
||
| 245 |
_aCONSTRUCTING AND CALCULATING BOND INDICES / _cPATRICK J.BROWN. |
||
| 260 |
_aCAMBRIDGE ; _c1994. |
||
| 300 | _a123 P. ; | ||
| 942 |
_2ddc _cBK |
||
| 999 |
_c589823 _d589823 |
||